| 000 | 00369pab a2200157 454500 | ||
|---|---|---|---|
| 008 | 180718b2018 xxu||||| |||| 00| 0 eng d | ||
| 100 | _aRamachandran, Prema | ||
| 245 | _aRole of health services in nutrition | ||
| 260 | _c2018 | ||
| 300 | _ap.14-19. | ||
| 362 | _aMay | ||
| 650 | _aNutrition | ||
| 650 | _aHealth services | ||
| 773 | _aYojana | ||
| 909 | _a117342 | ||
| 999 |
_c117336 _d117336 |
||